000 00265nam a22001217a 4500
008 181030b xxu||||| |||| 00| 0 eng d
041 _aeng
080 _a610.73
100 _a2
101 _aINF
245 _aArithmetic for Nurses
_cMcClain, M.E
942 _2udc
_cBK
999 _c51120
_d51120